000 01049nam a2200265Ia 4500
003 OSt
005 20221005103058.0
006 a|||||r|||| 00| 0
007 ta
008 221004b |||||||| |||| 00| 0 hin d
020 _a9788180313608 (hbk)
_cINR 300.00
024 _a29567
037 _b281, 03/03/2017, Eastern Book Linkers
_cTextual
040 _aCRL
_cCRL
_bhin
041 _2hin
_ahin
082 _aO152:g, P9
100 _aतिवारी, रामचन्द्र, ले.
245 0 _aहिन्दी आलोचना शिखरों के साक्षात्कार
246 _aHindī ālochanā shikharoan ke sākṣhātkāra
260 _aइलाहाबाद
_bलोकभारती प्रकाशन भारत
_c2009
300 _a170पृ0
_ccm.
650 _aहिन्दी आलोचना
942 _hO152:g, P9
_cTEXL
_2cc
999 _c1009376
_d1009376